| 000 | 00343nam a22001457a 4500 | ||
|---|---|---|---|
| 003 | SGT | ||
| 082 |
_a617.522 _bT84K |
||
| 100 | _aKruger, Gustav O. | ||
| 245 | _aTextbook of Oral & Maxillofacial Surgery | ||
| 250 | _a6th Ed. | ||
| 260 |
_bMosby Publishers _c1984 |
||
| 300 | _a782 | ||
| 650 | _aOral Surgery; Dentistry | ||
| 942 |
_2ddc _cRARE |
||
| 999 |
_c33154 _d33154 |
||